|
|
|
|
| LEADER |
02068nam a2200481 i 4500 |
| 001 |
EBC5606093 |
| 003 |
MiAaPQ |
| 005 |
20200520144314.0 |
| 006 |
m o d | |
| 007 |
cr cnu|||||||| |
| 008 |
181222s2018 ne o 001 0 eng d |
| 020 |
|
|
|z 9789004381551
|
| 020 |
|
|
|a 9789004381568 (e-book)
|
| 035 |
|
|
|a (MiAaPQ)EBC5606093
|
| 035 |
|
|
|a (Au-PeEL)EBL5606093
|
| 035 |
|
|
|a (OCoLC)1078553130
|
| 040 |
|
|
|a MiAaPQ
|b eng
|e rda
|e pn
|c MiAaPQ
|d MiAaPQ
|
| 043 |
|
|
|a e-ne---
|
| 050 |
|
4 |
|a HC324
|b .N38 2018
|
| 082 |
0 |
|
|a 330.9492
|2 23
|
| 245 |
0 |
0 |
|a Navigating history :
|b economy, society, knowledge, and nature : essays in honour of Prof. Dr. C.A. Davids /
|c edited by Pepijn Brandon, Sabine Go, Wybren Verstegen.
|
| 264 |
|
1 |
|a Leiden ;
|a Boston :
|b Brill,
|c [2018]
|
| 264 |
|
4 |
|c 2018
|
| 300 |
|
|
|a 1 online resource (353 pages).
|
| 336 |
|
|
|a text
|b txt
|2 rdacontent
|
| 337 |
|
|
|a computer
|b c
|2 rdamedia
|
| 338 |
|
|
|a online resource
|b cr
|2 rdacarrier
|
| 490 |
1 |
|
|a Library of economic history ;
|v Volume 11
|
| 500 |
|
|
|a Includes index.
|
| 588 |
|
|
|a Description based on print version record.
|
| 590 |
|
|
|a Electronic reproduction. Ann Arbor, MI : ProQuest, 2018. Available via World Wide Web. Access may be limited to ProQuest affiliated libraries.
|
| 651 |
|
0 |
|a Netherlands
|x Economic conditions.
|
| 651 |
|
0 |
|a Netherlands
|x Social conditions.
|
| 651 |
|
0 |
|a Netherlands
|x History.
|
| 655 |
|
4 |
|a Electronic books.
|
| 700 |
1 |
|
|a Davids, C. A.,
|d 1952-
|e honouree.
|
| 700 |
1 |
|
|a Brandon, Pepijn,
|e editor.
|
| 700 |
1 |
|
|a Go, Sabine,
|d 1970-
|e editor.
|
| 700 |
1 |
|
|a Verstegen, Wybren,
|e editor.
|
| 776 |
0 |
8 |
|i Print version:
|t Navigating history : economy, society, knowledge, and nature : essays in honour of Prof. Dr. C. A. Davids.
|d Leiden ; Boston : Brill, c2018
|h 353 pages
|k Library of economic history ; Volume 11.
|z 9789004381551
|w (DLC) 2018055729
|
| 797 |
2 |
|
|a ProQuest (Firm)
|
| 830 |
|
0 |
|a Library of economic history ;
|v Volume 11.
|x 1877-3206
|
| 856 |
4 |
0 |
|u https://ebookcentral.proquest.com/lib/matrademy/detail.action?docID=5606093
|z Click to View
|